|
|
|
|
| LEADER |
00000cam a2200000 a 4500 |
| 001 |
vtls001098730 |
| 003 |
SK-MaSNL |
| 005 |
20260301062456.0 |
| 008 |
180815s1982 xo a p 00000 slo |
| 015 |
|
|
|a SNBA1982/08
|
| 035 |
|
|
|a SNK000041572
|
| 040 |
|
|
|a SNK
|b slo
|c SNK
|e AACR2
|
| 041 |
0 |
|
|a slo
|
| 044 |
|
|
|a xo
|c SK
|
| 080 |
|
|
|a 51(075.8)
|2 1981
|
| 245 |
0 |
0 |
|a Návod na opakovanie stredoškolskej matematiky
|c Zdena Riečanová ... [et al.]
|
| 250 |
|
|
|a 4. vyd.
|
| 260 |
|
|
|a Bratislava
|b Slovenská vysoká škola technická
|c 1982
|
| 300 |
|
|
|a 107 s.
|b grafy, sch., tab.
|c 29 cm
|
| 366 |
|
|
|e 500 výt.
|
| 650 |
0 |
7 |
|a matematika
|2 SNKPH
|9 70174
|
| 655 |
|
7 |
|a učebnice vysokých škôl
|2 SNKPH
|9 70191
|
| 700 |
1 |
|
|a Riečanová, Zdenka,
|d 1935-
|4 aut
|9 37319
|
| 700 |
1 |
|
|a Šulka, Róbert,
|d 1927-
|4 aut
|9 212855
|
| 700 |
1 |
|
|a Gatial, Ján,
|d 1933-2002
|4 aut
|9 215681
|
| 700 |
1 |
|
|a Horniaček, Ján,
|d 1932-
|4 aut
|9 60654
|
| 958 |
|
|
|a OND
|
| 999 |
|
|
|c 620792
|d 622722
|
| 952 |
|
|
|a SNK
|b SNK
|y PREZ
|7 0
|p 17A0982293
|o snkSB 33970
|0 0
|1 0
|4 0
|d 2012-07-19
|f 1
|l 0
|r 2025-04-09 00:00:00
|w 2026-02-23
|
| 952 |
|
|
|t P60, <04>, [BOOK], {604}
|a SNK
|b SNK
|y VYP
|7 0
|p 17A0190453
|o snkSB 33970 D1
|0 0
|1 0
|4 0
|d 1999-04-23
|l 0
|r 2004-12-31 00:00:00
|w 2026-02-23
|